لقاء مع الماضي : مائة عام في مصر : المعهد الألماني للآثار بالقاهرة1907-2007 : كتالوج المعرض المقام بالمتحف المصري في الفترة من 19 نوفمبر 2007 حتى 15 يناير 2008 Liqāʼ maʻa al-māḍī : miʼat ʻām fī- Miṣr : al-Maʻhad al-Almānī lil-Āthār bi-al-Qāhirah 1907-2007 : katālūj al-maʻraḍ al-muqām bi-al-Matḥaf al-Miṣrī fī-al-fatrah min 19 Nūfambir 2007 ḥattá 15 Yanāyīr 2008.
Corporate Author:
Other Authors: ,
Format: Book
Language: Arabic
Published:
al-Qāhirah :
al-Maʻhad al-Almānī lil-Āthār = Institutum Archaeologicum Germanicum,
2007.
Subjects:
Tags: Add Tag
Call Number: DT56.9 .D4323 2007
| LEADER | 01342nam a2200253Ia 4500 | ||
|---|---|---|---|
| 003 | OSt | ||
| 005 | 20260430063034.0 | ||
| 008 | 240329s2007 ua abe b 100 0 ara u | ||
| 020 | |a 9771752480 | ||
| 020 | |a 9789771752486 | ||
| 040 | |c ARCE Library | ||
| 050 | 4 | |a DT56.9 .D4323 2007 | |
| 245 | 0 | 0 | |a لقاء مع الماضي : مائة عام في مصر : المعهد الألماني للآثار بالقاهرة1907-2007 : كتالوج المعرض المقام بالمتحف المصري في الفترة من 19 نوفمبر 2007 حتى 15 يناير 2008 Liqāʼ maʻa al-māḍī : miʼat ʻām fī- Miṣr : al-Maʻhad al-Almānī lil-Āthār bi-al-Qāhirah 1907-2007 : katālūj al-maʻraḍ al-muqām bi-al-Matḥaf al-Miṣrī fī-al-fatrah min 19 Nūfambir 2007 ḥattá 15 Yanāyīr 2008. |
| 264 | 1 | |a al-Qāhirah : |b al-Maʻhad al-Almānī lil-Āthār = Institutum Archaeologicum Germanicum, |c 2007. | |
| 300 | |a 173 pages : |b color illustrations, color map, plans ; |c 24 cm. | ||
| 504 | |a Includes bibliographical references. | ||
| 610 | 2 | 0 | |a Deutsches Archäologisches Institut. |b Abteilung Kairo |x History |v Exhibitions. |
| 651 | 0 | |a Egypt |x Antiquities |v Exhibitions. | |
| 700 | 1 | |a Rummel, Ute. | |
| 700 | 1 | |a Dreyer, Günter. | |
| 710 | 2 | |a al-Matḥaf al-Miṣrī. | |
| 901 | |a reviewed | ||
| 942 | |2 lcc |c BK | ||
| 999 | |c 57860 |d 57860 | ||
